[Event "Plzen op 10th"]
[Site "Plzen"]
[Date "2018.11.24"]
[Round "7"]
[White "Palek, Miroslav"]
[Black "Simet, Martin"]
[Result "0-1"]
[WhiteElo "2166"]
[BlackElo "2165"]
[PlyCount "70"]
[EventDate "2018.11.18"]
[EventType "swiss"]
[EventRounds "9"]
[EventCountry "CZE"]
[SourceTitle "CBM 189 Extra"]
[Source "ChessBase"]
[SourceDate "2019.06.03"]
[SourceVersion "1"]
[SourceVersionDate "2019.06.03"]
[SourceQuality "1"]

1. e4 d6 2. d4 Nf6 3. Nc3 e5 4. Nge2 exd4 5. Nxd4 Be7 6. g3 0-0 7. Bg2 Re8 8. 0-0 c5 9. Nde2 Nc6 10. Nf4 Bf8 11. Nfd5 Nxd5 12. Nxd5 Be6 13. Be3 Rc8 14. f4 Nd4 15. Nc3 d5 16. exd5 Bf5 17. Bf2 Qb6 18. Qc1 Re2 19. Na4 Qa6 20. Nc3 Rxc2 21. Qd1 Rxb2 22. Re1 Nc2 23. Re5 Nxa1 24. Qxa1 Qa3 25. Qe1 Bd3 26. d6 Rc2 27. Bxb7 Rd8 28. Nd1 Rc1 29. Bf3 Bc2 30. Kg2 Qa4 31. Qd2 Rxd1 32. Bxd1 Bxd1 33. Bxc5 Qc6+ 34. Kh3 f6 35. Rd5 Bf3 0-1

[Event "Plzen op 10th"]
[Site "Plzen"]
[Date "2018.11.22"]
[Round "5"]
[White "Palek, Miroslav"]
[Black "Barbier, Wim"]
[Result "1/2-1/2"]
[WhiteElo "2166"]
[BlackElo "2077"]
[PlyCount "57"]
[EventDate "2018.11.18"]
[EventType "swiss"]
[EventRounds "9"]
[EventCountry "CZE"]
[SourceTitle "CBM 189 Extra"]
[Source "ChessBase"]
[SourceDate "2019.06.03"]
[SourceVersion "1"]
[SourceVersionDate "2019.06.03"]
[SourceQuality "1"]

1. e4 d6 2. g3 Nf6 3. Bg2 e5 4. Ne2 Be7 5. Nbc3 c6 6. a4 a5 7. d4 Nbd7 8. h3 0-0 9. Be3 Re8 10. 0-0 Bf8 11. b3 exd4 12. Qxd4 Nc5 13. g4 Qe7 14. Ng3 Rd8 15. g5 Ne8 16. Rae1 g6 17. f4 Bg7 18. Qd2 f6 19. h4 Bg4 20. Nce2 Nc7 21. Nc3 Rf8 22. Nge2 fxg5 23. hxg5 Bxe2 24. Qxe2 d5 25. e5 Rad8 26. Bd2 N5e6 27. Qd3 Nc5 28. Qe2 N5e6 29. Qd3 1/2-1/2

[Event "Klatovy op-A 24th"]
[Site "Klatovy"]
[Date "2018.07.08"]
[Round "9"]
[White "Parizek, Vojtech"]
[Black "Palek, Miroslav"]
[Result "1-0"]
[WhiteElo "2242"]
[BlackElo "2153"]
[PlyCount "49"]
[EventDate "2018.06.30"]
[EventType "swiss"]
[EventRounds "9"]
[EventCountry "CZE"]
[SourceTitle "EXT 2019"]
[Source "ChessBase"]
[SourceDate "2018.10.10"]
[SourceVersion "1"]
[SourceVersionDate "2018.10.10"]
[SourceQuality "1"]

1. e4 c5 2. Nf3 Nc6 3. d4 cxd4 4. Nxd4 Qb6 5. Nb3 Nf6 6. Nc3 e6 7. Bd3 Be7 8. 0-0 0-0 9. Kh1 d5 10. exd5 exd5 11. Be3 d4 12. Nxd4 Qxb2 13. Ncb5 Bg4 14. f3 Bd7 15. c3 Nd5 16. Rf2 Nxe3 17. Qg1 Qxa1 18. Qxa1 a6 19. Re2 Bg5 20. Nd6 f5 21. Qe1 f4 22. Qb1 Ne5 23. Bxh7+ Kh8 24. Qe4 Bh6 25. Bf5 1-0

[Event "Klatovy op-A 24th"]
[Site "Klatovy"]
[Date "2018.07.07"]
[Round "8"]
[White "Palek, Miroslav"]
[Black "Dolansky, Lukas"]
[Result "1-0"]
[WhiteElo "2153"]
[BlackElo "2184"]
[PlyCount "107"]
[EventDate "2018.06.30"]
[EventType "swiss"]
[EventRounds "9"]
[EventCountry "CZE"]
[SourceTitle "EXT 2019"]
[Source "ChessBase"]
[SourceDate "2018.10.10"]
[SourceVersion "1"]
[SourceVersionDate "2018.10.10"]
[SourceQuality "1"]

1. e4 e5 2. Nf3 Nc6 3. Bb5 Bc5 4. c3 Nf6 5. 0-0 0-0 6. d4 Bb6 7. dxe5 Nxe4 8. Qd5 Nc5 9. Bf4 Ne7 10. Qd1 Ne6 11. Bg3 Nf5 12. Nbd2 Nxg3 13. hxg3 f6 14. Nc4 Bc5 15. b4 Be7 16. Ne3 fxe5 17. Nxe5 c6 18. Bd3 g6 19. N5g4 d5 20. Qb3 Kh8 21. Rad1 Qc7 22. Qb2 Ng7 23. c4 dxc4 24. Bxc4 b5 25. Bb3 a5 26. bxa5 Rxa5 27. Qc3 b4 28. Qc2 Rg5 29. Nh2 Bc5 30. Rfe1 Qa7 31. Nf3 Bxe3 32. Rxe3 Rxg3 33. Rde1 Rgxf3 34. Rxf3 Rxf3 35. gxf3 Qa5 36. Qd2 Bh3 37. Qf4 Qd8 38. Qe5 Bf5 39. f4 h5 40. Rd1 Qf8 41. Qc7 Kh7 42. Rd8 Qf6 43. Qd6 Qxd6 44. Rxd6 h4 45. Rxc6 Nh5 46. Rc4 h3 47. Rxb4 Nf6 48. f3 Kh6 49. a4 Kh5 50. a5 Kh4 51. Kh2 Bg4 52. Bd1 Nd5 53. Rd4 Be6 54. f5+ 1-0

[Event "Klatovy op-A 24th"]
[Site "Klatovy"]
[Date "2018.07.05"]
[Round "6"]
[White "Palek, Miroslav"]
[Black "Jedlicka, Ales"]
[Result "1/2-1/2"]
[WhiteElo "2153"]
[BlackElo "2221"]
[PlyCount "98"]
[EventDate "2018.06.30"]
[EventType "swiss"]
[EventRounds "9"]
[EventCountry "CZE"]
[SourceTitle "EXT 2019"]
[Source "ChessBase"]
[SourceDate "2018.10.10"]
[SourceVersion "1"]
[SourceVersionDate "2018.10.10"]
[SourceQuality "1"]

1. d4 Nf6 2. Bg5 Ne4 3. Bf4 c5 4. f3 Qa5+ 5. c3 Nf6 6. d5 e6 7. e4 exd5 8. exd5 d6 9. Nd2 Be7 10. Ne4 0-0 11. Nxf6+ Bxf6 12. Bd3 Nd7 13. Qc2 Re8+ 14. Ne2 g6 15. Bxd6 Nb6 16. Bc7 c4 17. Be4 Qc5 18. d6 Bd8 19. 0-0-0 Bxc7 20. dxc7 Qxc7 21. Qd2 Bd7 22. Nd4 Rad8 23. h4 Bc6 24. Bc2 Nd5 25. Rde1 Rxe1+ 26. Rxe1 Qg3 27. Nxc6 bxc6 28. Re4 Rd6 29. Qg5 Qh2 30. Re8+ Kg7 31. Qe5+ Qxe5 32. Rxe5 f5 33. g4 fxg4 34. fxg4 Rf6 35. g5 Rf4 36. Re4 Rxe4 37. Bxe4 Kf7 38. Kd2 Ke6 39. Ke2 Ke5 40. Kf3 Ne7 41. h5 c5 42. h6 Nf5 43. Bc2 a5 44. a3 Nd6 45. Kg4 Ne4 46. b3 Nf2+ 47. Kg3 Ne4+ 48. Kg4 Nf2+ 49. Kg3 Ne4+ 1/2-1/2

[Event "CZE-chT2A 1718"]
[Site "Czech Republic"]
[Date "2018.04.08"]
[Round "11.5"]
[White "Pilar, Miloslav"]
[Black "Palek, Miroslav"]
[Result "1/2-1/2"]
[WhiteElo "2123"]
[BlackElo "2166"]
[PlyCount "110"]
[EventDate "2017.10.15"]
[EventType "team-tourn"]
[EventRounds "11"]
[EventCountry "CZE"]
[SourceTitle "EXT 2022"]
[Source "ChessBase"]
[SourceDate "2021.10.06"]
[SourceVersion "1"]
[SourceVersionDate "2021.10.06"]
[SourceQuality "1"]
[WhiteTeam "Vysehrad II"]
[BlackTeam "Podborany"]
[WhiteTeamCountry "CZE"]
[BlackTeamCountry "CZE"]

1. d4 Nf6 2. Nf3 e6 3. Bg5 h6 4. Bxf6 Qxf6 5. e3 b6 6. Bd3 Bb7 7. Nbd2 Qd8 8. c3 Be7 9. Qe2 d6 10. 0-0 Nd7 11. Ba6 Bxa6 12. Qxa6 Qc8 13. Qxc8+ Rxc8 14. Rfd1 0-0 15. Kf1 Rfd8 16. Ke2 Kf8 17. Rac1 c5 18. dxc5 Nxc5 19. Nb3 Na4 20. Rc2 d5 21. Nbd4 Bf6 22. Rdc1 e5 23. Nb3 b5 24. Nbd2 Nc5 25. Nb3 Ne4 26. Nbd2 Nd6 27. h3 Rc7 28. Nb3 Ke7 29. Ke1 Ke6 30. Ke2 Be7 31. Nbd2 f5 32. g4 g6 33. gxf5+ gxf5 34. Rg1 Bf6 35. Rcc1 Rg7 36. Rxg7 Bxg7 37. Rg1 Bf6 38. Ne1 Rb8 39. Nd3 Nc4 40. Nc5+ Ke7 41. b4 Nb6 42. Ndb3 Kf7 43. Kd2 Nc4+ 44. Ke2 Rc8 45. Rd1 Nb6 46. Rg1 Be7 47. f4 exf4 48. exf4 Bf6 49. Nd4 Bxd4 50. cxd4 Re8+ 51. Kf2 Nc4 52. Re1 Rxe1 53. Kxe1 Ne3 54. Kd2 Nf1+ 55. Kd3 Ke7 1/2-1/2

[Event "CZE-chT2A 1718"]
[Site "Czech Republic"]
[Date "2017.11.19"]
[Round "3.4"]
[White "Palek, Miroslav"]
[Black "Havlik, Jindrich"]
[Result "1/2-1/2"]
[WhiteElo "2166"]
[BlackElo "2102"]
[PlyCount "85"]
[EventDate "2017.10.15"]
[EventType "team-tourn"]
[EventRounds "11"]
[EventCountry "CZE"]
[SourceTitle "EXT 2022"]
[Source "ChessBase"]
[SourceDate "2021.10.06"]
[SourceVersion "1"]
[SourceVersionDate "2021.10.06"]
[SourceQuality "1"]
[WhiteTeam "Podborany"]
[BlackTeam "Klatovy"]
[WhiteTeamCountry "CZE"]
[BlackTeamCountry "CZE"]

1. d4 e6 2. c4 c5 3. Nf3 cxd4 4. Nxd4 Nf6 5. Nc3 Bb4 6. Ndb5 a6 7. Nd6+ Ke7 8. Nxc8+ Qxc8 9. Qb3 Nc6 10. a3 Bd6 11. e3 Qc7 12. Bd2 Rac8 13. Rc1 Na5 14. Qa2 Bxh2 15. Bd3 Be5 16. Ne2 Ne8 17. f4 Bf6 18. b4 Nc6 19. b5 Na7 20. Bb4+ Kd8 21. a4 a5 22. Ba3 Be7 23. c5 b6 24. cxb6 Qxb6 25. Kf2 Nf6 26. Bxe7+ Kxe7 27. Qa3+ Qd6 28. Qxd6+ Kxd6 29. Nd4 Rxc1 30. Rxc1 Rc8 31. Rb1 Nd5 32. Nb3 Nb6 33. Nxa5 Nxa4 34. Ra1 Nc5 35. Be2 Kc7 36. b6+ Kxb6 37. Nc4+ Kb7 38. Nd6+ Kc7 39. Nxc8 Nxc8 40. g4 h6 41. Bf3 d5 42. Ke2 Kd6 43. Ra8 1/2-1/2

[Event "Klatovy op-A 23rd"]
[Site "Klatovy"]
[Date "2017.07.09"]
[Round "9"]
[White "Palek, Miroslav"]
[Black "Weber, Dirk"]
[Result "0-1"]
[WhiteElo "2174"]
[BlackElo "2269"]
[PlyCount "82"]
[EventDate "2017.07.01"]
[EventType "swiss"]
[EventRounds "9"]
[EventCountry "CZE"]
[SourceTitle "EXT 2018"]
[Source "ChessBase"]
[SourceDate "2017.10.13"]
[SourceVersion "1"]
[SourceVersionDate "2017.10.13"]
[SourceQuality "1"]

1. e4 c5 2. Nf3 e6 3. d3 Nc6 4. c3 d5 5. Nbd2 Nf6 6. Be2 Be7 7. 0-0 0-0 8. Re1 Qc7 9. Qc2 b6 10. Bf1 a5 11. e5 Nd7 12. d4 Re8 13. Bb5 Nf8 14. Nf1 Bd7 15. Qe2 Ng6 16. a3 a4 17. Bd3 Na5 18. Bg5 f6 19. Bd2 Bf8 20. h4 Ne7 21. exf6 gxf6 22. Ng3 Kh8 23. Nh5 Ng8 24. Bc2 Nc4 25. Bf4 Bd6 26. Bxd6 Qxd6 27. Nd2 Nxd2 28. Qxd2 Re7 29. Re3 Be8 30. Ng3 Rg7 31. Qe2 Bf7 32. Nh5 Bxh5 33. Qxh5 cxd4 34. cxd4 Rc8 35. Qe2 Qf4 36. Bd3 Qxd4 37. Rxe6 Qxh4 38. Qf3 Qd4 39. Qe2 Rg5 40. Re1 Rc7 41. Re8 Rcg7 0-1

[Event "Klatovy op-A 23rd"]
[Site "Klatovy"]
[Date "2017.07.08"]
[Round "8"]
[White "Novotny, Michal"]
[Black "Palek, Miroslav"]
[Result "1/2-1/2"]
[WhiteElo "2264"]
[BlackElo "2174"]
[PlyCount "81"]
[EventDate "2017.07.01"]
[EventType "swiss"]
[EventRounds "9"]
[EventCountry "CZE"]
[SourceTitle "EXT 2018"]
[Source "ChessBase"]
[SourceDate "2017.10.13"]
[SourceVersion "1"]
[SourceVersionDate "2017.10.13"]
[SourceQuality "1"]

1. d4 Nf6 2. Nf3 e6 3. c4 Bb4+ 4. Bd2 Bxd2+ 5. Qxd2 Qe7 6. Nc3 d5 7. e3 0-0 8. Bd3 Nbd7 9. 0-0 dxc4 10. Bxc4 e5 11. e4 c6 12. Rfe1 a6 13. Rad1 b5 14. Bf1 Bb7 15. Qg5 h6 16. Qh4 Rfe8 17. Kh1 Kf8 18. dxe5 Nxe5 19. Nxe5 Qxe5 20. f4 Qh5 21. Qxh5 Nxh5 22. g3 g5 23. f5 Rad8 24. Bg2 c5 25. e5 Bxg2+ 26. Kxg2 Rxd1 27. Nxd1 Nf6 28. Nf2 c4 29. h4 gxh4 30. gxh4 Nd7 31. Rd1 Nxe5 32. Rd6 h5 33. Rxa6 Nd3 34. Kf3 Kg7 35. Nxd3 cxd3 36. Rd6 Re2 37. Rxd3 Rxb2 38. Kf4 Rxa2 39. Kg5 Rg2+ 40. Kxh5 Kf6 41. Rd6+ 1/2-1/2

[Event "Klatovy op-A 23rd"]
[Site "Klatovy"]
[Date "2017.07.04"]
[Round "4"]
[White "Nemec, David"]
[Black "Palek, Miroslav"]
[Result "1-0"]
[WhiteElo "2043"]
[BlackElo "2174"]
[PlyCount "61"]
[EventDate "2017.07.01"]
[EventType "swiss"]
[EventRounds "9"]
[EventCountry "CZE"]
[SourceTitle "EXT 2018"]
[Source "ChessBase"]
[SourceDate "2017.10.13"]
[SourceVersion "1"]
[SourceVersionDate "2017.10.13"]
[SourceQuality "1"]

1. d4 Nf6 2. c4 c5 3. e3 g6 4. Nc3 Bg7 5. Nf3 0-0 6. Bd3 b6 7. 0-0 Bb7 8. d5 d6 9. e4 Nbd7 10. h3 a6 11. a4 Ne8 12. Nh2 Nc7 13. f4 b5 14. axb5 axb5 15. Rxa8 Qxa8 16. cxb5 Nb6 17. Qe2 c4 18. Bxc4 Nxc4 19. Qxc4 Rc8 20. Qe2 Qa5 21. f5 Qb4 22. Ng4 Nxb5 23. f6 Nd4 24. Qf2 exf6 25. Nxf6+ Kh8 26. Qh4 h5 27. Nxh5 Nf5 28. Rxf5 Bd4+ 29. Kh1 Kg8 30. Nf6+ Kf8 31. Bh6+ 1-0